[Event "XIX Festival A"]
[Site "Arco ITA"]
[Date "2007.10.26"]
[Round "7"]
[White "Zenatto, Giuliano"]
[Black "Linz, Stefan"]
[Result "1-0"]
[WhiteElo "1853"]
[BlackElo "1584"]
[PlyCount "93"]
[EventDate "2007.10.20"]

1. d4 g6 2. Nf3 Bg7 3. c4 d6 4. Nc3 Nc6 5. e4 e6 6. Be2 Nf6 7. O-O a6 8. h3 O-O
9. Be3 Kh8 10. Qd2 Qe8 11. Rad1 b6 12. d5 exd5 13. exd5 Ne5 14. Bd4 Nfd7 15.
Rfe1 f6 16. b3 Qd8 17. Kf1 Nxf3 18. Bxf3 Ne5 19. Be2 Bd7 20. f4 Nf7 21. Bd3 Nh6
22. g4 Kg8 23. Re3 Nf7 24. Ne2 Bh6 25. Qc3 Nh8 26. Re1 Rf7 27. Kg2 Qf8 28. Kf3
Bg7 29. Ng3 f5 30. g5 Re8 31. Rxe8 Bxe8 32. Bxg7 Rxg7 33. Re6 Bd7 34. Re3 Re7
35. Qe1 Rxe3+ 36. Qxe3 Qe8 37. Ne2 Qxe3+ 38. Kxe3 Kf7 39. Nd4 Kg7 40. Be2 a5
41. h4 Kf7 42. Bf3 Kg7 43. Ne6+ Bxe6 44. dxe6 Kf8 45. Kd4 Ke7 46. Kd5 c5 47.
Bg2 1-0

[Event "XIX Festival A"]
[Site "Arco ITA"]
[Date "2007.10.27"]
[Round "8"]
[White "Battiston, Claudio"]
[Black "Henrichsen, Jens"]
[Result "1-0"]
[WhiteElo "1882"]
[BlackElo "1982"]
[PlyCount "77"]
[EventDate "2007.10.20"]

1. e4 c5 2. c3 d5 3. exd5 Qxd5 4. d4 Nf6 5. Nf3 e6 6. Be2 Nc6 7. O-O Be7 8. Na3
O-O 9. Nb5 Qd8 10. dxc5 Bxc5 11. Bg5 a6 12. Nbd4 Bd7 13. Nb3 Be7 14. Qc2 Qc7
15. Rad1 Rfd8 16. Rd2 Rac8 17. Rfd1 Nb4 18. Qb1 Nbd5 19. Rd4 h6 20. Bc1 b5 21.
c4 bxc4 22. Rxc4 Qb6 23. Ne5 Bb5 24. Rxc8 Rxc8 25. Bxb5 axb5 26. Qd3 Nb4 27.
Qg3 Ne4 28. Qf3 f5 29. Be3 Qb8 30. Bd4 Nc2 31. Qh5 Nd6 32. Bc5 Rf8 33. Ng6 Qd8
34. Nxe7+ Qxe7 35. Bxd6 Qf7 36. Qxf7+ Rxf7 37. Rc1 Rd7 38. Rxc2 Rxd6 39. Kf1
1-0

[Event "XIX Festival A"]
[Site "Arco ITA"]
[Date "2007.10.27"]
[Round "8"]
[White "Bini, Gabriele"]
[Black "Moratto, Davide"]
[Result "0-1"]
[WhiteElo "1736"]
[BlackElo "1855"]
[PlyCount "60"]
[EventDate "2007.10.20"]

1. e4 c5 2. d4 cxd4 3. c3 dxc3 4. Nxc3 Nc6 5. Nf3 d6 6. Bc4 e6 7. O-O Qc7 8.
Nb5 Qb8 9. Re1 a6 10. Nc3 Nf6 11. Bf4 b5 12. Bb3 Be7 13. Rc1 O-O 14. Nd5 Nxd5
15. exd5 Na5 16. dxe6 Nxb3 17. exf7+ Rxf7 18. Qxb3 Kf8 19. Bg5 Ra7 20. h3 Rc7
21. Rxc7 Qxc7 22. Rc1 Qb7 23. Bxe7+ Rxe7 24. Qc2 Bxh3 25. Qxh7 Bg4 26. Nh4 Re6
27. Rc8+ Kf7 28. Qg8+ Kf6 29. f4 Re1+ 30. Kh2 Qxc8 0-1

[Event "XIX Festival A"]
[Site "Arco ITA"]
[Date "2007.10.27"]
[Round "8"]
[White "Blasco, Domenico"]
[Black "Vistisen, Lars"]
[Result "1-0"]
[WhiteElo "1969"]
[BlackElo "2153"]
[PlyCount "63"]
[EventDate "2007.10.20"]

1. d4 Nf6 2. Nf3 c5 3. e3 e6 4. Bd3 b6 5. Nbd2 Bb7 6. O-O Be7 7. c3 d6 8. a3
Nbd7 9. b4 Qc7 10. Bb2 O-O 11. Rc1 Rad8 12. Qe2 Qb8 13. e4 Nh5 14. g3 g6 15.
Rfe1 Bf6 16. b5 Bg7 17. Nc4 e5 18. d5 f5 19. Ng5 Bh6 20. Ne6 f4 21. Nxf8 Rxf8
22. Qg4 fxg3 23. fxg3 Bxc1 24. Bxc1 Rf7 25. Qe6 Ng7 26. Qxd6 Qe8 27. Rf1 Bc8
28. Rxf7 Qxf7 29. Nxe5 Nxe5 30. Qxe5 Qf3 31. Bf1 Qd1 32. Bh6 1-0

[Event "XIX Festival A"]
[Site "Arco ITA"]
[Date "2007.10.27"]
[Round "8"]
[White "Bonade', Massimo"]
[Black "Brunner, Stefan"]
[Result "1-0"]
[WhiteElo "2168"]
[BlackElo "1800"]
[PlyCount "79"]
[EventDate "2007.10.20"]

1. d4 f5 2. g3 Nf6 3. Bg2 e6 4. c4 Nc6 5. Nf3 d6 6. O-O Be7 7. Nc3 O-O 8. Re1
d5 9. b3 Bb4 10. Bb2 Ne4 11. Rc1 Ne7 12. a3 Bxc3 13. Bxc3 Nxc3 14. Rxc3 Ng6 15.
e3 c6 16. b4 Bd7 17. Qb3 a6 18. Rec1 Qe7 19. Ne1 Kh8 20. Nd3 b6 21. a4 Rfc8 22.
h4 h6 23. R3c2 Qe8 24. Ra2 Qe7 25. c5 b5 26. Rca1 Qd8 27. Qa3 Rab8 28. h5 Nf8
29. Bf3 Kh7 30. Kg2 Be8 31. Qc3 Qg5 32. Nf4 Qe7 33. axb5 axb5 34. Ra6 Nd7 35.
Ra7 Qd8 36. Nxe6 Qf6 37. Nf4 Nf8 38. Qc2 Kg8 39. R1a6 Ne6 40. Bxd5 1-0

[Event "XIX Festival A"]
[Site "Arco ITA"]
[Date "2007.10.27"]
[Round "8"]
[White "Bortolotti, Silvano"]
[Black "Voermans, Adri"]
[Result "0-1"]
[WhiteElo "1771"]
[BlackElo "1887"]
[PlyCount "46"]
[EventDate "2007.10.20"]

1. e4 c5 2. Nc3 Nf6 3. f4 d5 4. Nf3 Nc6 5. Bb5 Bd7 6. O-O g6 7. Qe1 Bg7 8. Bxc6
Bxc6 9. d3 O-O 10. Kh1 b5 11. Bd2 a5 12. Qh4 e6 13. Ne2 Nd7 14. Bc3 Qxh4 15.
Nxh4 Nf6 16. Rab1 b4 17. Bd2 Rfe8 18. Ng3 c4 19. b3 cxd3 20. cxd3 Bb5 21. Rf3
Rec8 22. Rc1 Rxc1+ 23. Bxc1 Rc8 0-1

[Event "XIX Festival A"]
[Site "Arco ITA"]
[Date "2007.10.27"]
[Round "8"]
[White "Buck, Klaus-Michael"]
[Black "Von Wantoch, Markus"]
[Result "0-1"]
[WhiteElo "1784"]
[BlackElo "1974"]
[PlyCount "94"]
[EventDate "2007.10.20"]

1. d4 Nf6 2. Bf4 e6 3. e3 b6 4. Be2 Bb7 5. Bf3 d5 6. Ne2 Nbd7 7. c3 Ne4 8. O-O
g5 9. Bxe4 dxe4 10. Bg3 h5 11. h3 Bd6 12. Nd2 g4 13. Bxd6 cxd6 14. Nc4 Qe7 15.
Nf4 O-O-O 16. a4 Ba6 17. a5 Bxc4 18. Qa4 b5 19. Qb4 Nb8 20. Rfc1 Nc6 21. Qa3 d5
22. b3 Qxa3 23. Rxa3 Bd3 24. h4 e5 25. Nxd3 exd3 26. Rd1 e4 27. g3 b4 28. cxb4
Nxb4 29. Ra4 Nc2 30. a6 Rh6 31. Ra5 Rb6 32. Rb1 Rdd6 33. Rc5+ Kd7 34. Kf1 Rxa6
35. b4 Ra1 36. Rxa1 Nxa1 37. Ra5 Nc2 38. Rxa7+ Ke6 39. b5 Rd8 40. Ra6+ Ke7 41.
b6 Rb8 42. Ra7+ Kd8 43. Rxf7 Rxb6 44. Rf8+ Kc7 45. Rf7+ Kd8 46. Kg2 d2 47. Rf8+
Ke7 0-1

[Event "XIX Festival A"]
[Site "Arco ITA"]
[Date "2007.10.27"]
[Round "8"]
[White "Burani, Eugenio"]
[Black "Jensen, Leif"]
[Result "1/2-1/2"]
[WhiteElo "2017"]
[BlackElo "2091"]
[PlyCount "107"]
[EventDate "2007.10.20"]

1. e4 e6 2. d4 d5 3. e5 c5 4. c3 Bd7 5. Nf3 Qb6 6. a3 a6 7. Be2 Bb5 8. O-O Bxe2
9. Qxe2 Nc6 10. dxc5 Bxc5 11. b4 Be7 12. Bb2 Qc7 13. c4 Rd8 14. cxd5 Rxd5 15.
Nc3 Rd7 16. Rac1 Nxe5 17. Nd5 Nxf3+ 18. Qxf3 Qb8 19. Nb6 Rd8 20. Bd4 e5 21.
Bxe5 Qxe5 22. Qxb7 h5 23. Qc6+ Kf8 24. Nd7+ Rxd7 25. Qxd7 g5 26. Rfe1 Qf6 27.
Rc6 Qb2 28. Rc8+ Kg7 29. Rxg8+ Rxg8 30. Qxe7 Qxa3 31. Qxg5+ Kf8 32. Qh6+ Rg7
33. Qd6+ Kg8 34. Qc5 Rg6 35. Qxh5 Re6 36. Qg5+ Kf8 37. Qc5+ Kg7 38. Rc1 a5 39.
Qd4+ Kh7 40. Ra1 Qxb4 41. Qxb4 axb4 42. Rb1 Kg6 43. h4 Re4 44. g3 Kf5 45. f3
Rc4 46. Rb2 Rc3 47. Rxb4 Rxf3 48. Kg2 Ra3 49. Rf4+ Kg6 50. g4 f6 51. Rf3 Ra5
52. Rb3 Ra6 53. Kg3 f5 54. gxf5+ 1/2-1/2

[Event "XIX Festival A"]
[Site "Arco ITA"]
[Date "2007.10.27"]
[Round "8"]
[White "Cardili, Mariano"]
[Black "Bossoni, Mario"]
[Result "1-0"]
[WhiteElo "2100"]
[BlackElo "1993"]
[PlyCount "89"]
[EventDate "2007.10.20"]

1. d4 d5 2. c4 e6 3. Nc3 Nf6 4. Bg5 Be7 5. Nf3 O-O 6. cxd5 exd5 7. e3 b6 8. Bd3
Bb7 9. Rc1 Nbd7 10. O-O c5 11. dxc5 bxc5 12. Qe2 Rc8 13. Ba6 Qb6 14. Bxb7 Qxb7
15. Rfd1 Rfd8 16. b3 Nb6 17. Rc2 h6 18. Bh4 Ne4 19. Bxe7 Nxc3 20. Rxc3 Qxe7 21.
Qb5 Rd7 22. h3 Rb7 23. Qd3 Rd7 24. Qf5 Qe6 25. Qxe6 fxe6 26. Rdc1 c4 27. Ne5
Rdc7 28. bxc4 Nxc4 29. Nxc4 Rxc4 30. Rxc4 Rxc4 31. Rxc4 dxc4 32. Kf1 Kf8 33.
Ke2 Ke7 34. Kd2 Kd6 35. Kc3 Kc5 36. h4 h5 37. f3 Kb5 38. g3 Kc5 39. g4 g6 40.
g5 e5 41. a4 Kd5 42. a5 Kc5 43. a6 Kb5 44. f4 exf4 45. exf4 1-0

[Event "XIX Festival A"]
[Site "Arco ITA"]
[Date "2007.10.27"]
[Round "8"]
[White "Castellano, Alfonso"]
[Black "Coqueraut, Jean Dominique"]
[Result "1/2-1/2"]
[WhiteElo "1926"]
[BlackElo "2061"]
[PlyCount "54"]
[EventDate "2007.10.20"]

1. c4 e5 2. Nc3 c6 3. Nf3 d6 4. g3 g6 5. Bg2 Bg7 6. O-O Nf6 7. e4 O-O 8. d3 Bd7
9. h3 b5 10. a3 a5 11. Be3 Na6 12. Qc2 Qc8 13. Kh2 b4 14. axb4 Nxb4 15. Qd2 c5
16. Ne1 Ra7 17. f4 exf4 18. Bxf4 Ne8 19. Bh6 Qd8 20. Bxg7 Kxg7 21. d4 f6 22.
dxc5 dxc5 23. Rd1 Qe7 24. Nd3 Nxd3 25. Qxd3 Be6 26. Nd5 Qf7 27. Qe3 Bxd5
1/2-1/2

[Event "XIX Festival A"]
[Site "Arco ITA"]
[Date "2007.10.27"]
[Round "8"]
[White "Collato, Luca"]
[Black "Weinberg, Emanuele"]
[Result "1/2-1/2"]
[WhiteElo "1512"]
[BlackElo "1907"]
[PlyCount "116"]
[EventDate "2007.10.20"]

1. d4 c5 2. d5 Nf6 3. c4 e6 4. Nc3 exd5 5. cxd5 d6 6. e4 g6 7. Nf3 Bg7 8. Bf4
O-O 9. Be2 Bg4 10. O-O a6 11. a4 Re8 12. Nd2 Bxe2 13. Qxe2 Nh5 14. Be3 Nd7 15.
f3 f5 16. Rae1 f4 17. Bf2 Ne5 18. Nc4 Nxc4 19. Qxc4 Qd7 20. a5 Bf6 21. Na4 Qg7
22. b4 cxb4 23. Qxb4 Be5 24. Rb1 Re7 25. Nb6 Rae8 26. Rfc1 Rc7 27. Rxc7 Qxc7
28. Nc4 Nf6 29. Nxe5 dxe5 30. Bb6 Qd7 31. Rc1 Rc8 32. Rxc8+ Qxc8 33. Qc5 Qxc5+
34. Bxc5 Nd7 35. Bd6 Kf7 36. Kf2 Kf6 37. g3 fxg3+ 38. hxg3 b6 39. axb6 Nxb6 40.
f4 exf4 41. gxf4 Kf7 42. Bc7 Nc4 43. d6 Ke8 44. Kg3 a5 45. Bb8 a4 46. Ba7 a3
47. e5 Kd7 48. Bd4 Nd2 49. Kg4 h6 50. f5 h5+ 51. Kf4 gxf5 52. Kxf5 Nb3 53. Bc3
h4 54. Kg4 a2 55. Kxh4 a1=Q 56. Bxa1 Nxa1 57. Kg5 Ke6 58. Kg6 Nb3 1/2-1/2

[Event "XIX Festival A"]
[Site "Arco ITA"]
[Date "2007.10.27"]
[Round "8"]
[White "Crea, Vincenzo"]
[Black "Schrott, Ernst"]
[Result "1-0"]
[WhiteElo "2042"]
[BlackElo "2103"]
[PlyCount "111"]
[EventDate "2007.10.20"]

1. d4 g6 2. Nf3 Bg7 3. Bf4 d6 4. c3 Nd7 5. e3 e5 6. Bg3 Ne7 7. h3 Nf5 8. Bh2
Qe7 9. dxe5 dxe5 10. Na3 O-O 11. Bc4 Nd6 12. Bb3 Nc5 13. O-O Nxb3 14. axb3 Bf5
15. Qe2 Rfd8 16. Rfd1 a6 17. Nc4 f6 18. Nxd6 Rxd6 19. Rxd6 Qxd6 20. Nd4 Be4 21.
f3 Bd5 22. c4 Bf7 23. Nb5 Qe7 24. Bg3 Rd8 25. Nc3 f5 26. e4 c6 27. Bf2 Bh6 28.
Rd1 b5 29. Rxd8+ Qxd8 30. Be1 bxc4 31. exf5 Qb6+ 32. Bf2 Qa5 33. fxg6 hxg6 34.
bxc4 Be6 35. Ne4 Qa1+ 36. Kh2 Qc1 37. Bg3 Bxc4 38. Nf6+ Kf7 39. Qxe5 Qe3 40.
Qxe3 Bxe3 41. Be5 Ke6 42. Bc3 c5 43. h4 Bd4 44. Ne4 Kd5 45. Nf6+ Ke6 46. Ne4
Bd3 47. Bxd4 cxd4 48. Nd2 Kd5 49. g4 a5 50. Kg3 a4 51. Kf4 Bb5 52. h5 gxh5 53.
gxh5 Bd3 54. Ne4 Kc4 55. h6 Kb3 56. Nc5+ 1-0

[Event "XIX Festival A"]
[Site "Arco ITA"]
[Date "2007.10.27"]
[Round "8"]
[White "Dalla Vecchia, Paolo"]
[Black "Wagner, Frank"]
[Result "1-0"]
[WhiteElo "1829"]
[BlackElo "1961"]
[PlyCount "99"]
[EventDate "2007.10.20"]

1. d4 Nf6 2. Nf3 g6 3. Bg5 Bg7 4. Nbd2 d5 5. e3 O-O 6. Bd3 Nbd7 7. Qe2 c5 8. c3
Qb6 9. Rb1 Re8 10. O-O e5 11. dxe5 Nxe5 12. Nxe5 Rxe5 13. Bf4 Re7 14. h3 Bd7
15. Rfd1 Nh5 16. Bh2 Rae8 17. Qf1 Qc6 18. Rbc1 Qb6 19. Rb1 Bc6 20. Be2 Nf6 21.
Bf3 Qa5 22. Nb3 Qb6 23. Bd6 Bb5 24. Bxc5 Bxf1 25. Bxb6 Bxg2 26. Bxg2 axb6 27.
Bxd5 Rc8 28. Rd2 Rd7 29. Rbd1 Rcc7 30. Bf3 Rxd2 31. Rxd2 Kf8 32. Rd8+ Ne8 33.
Rb8 Rd7 34. Rxb7 Rd6 35. Nd4 Bxd4 36. cxd4 Nf6 37. b4 Nd7 38. b5 Ke7 39. Bc6
Ke6 40. Bxd7+ Rxd7 41. Rxb6+ Ke7 42. a4 Rc7 43. Rc6 Ra7 44. Rc4 Kd6 45. e4 f6
46. f3 g5 47. b6 Rb7 48. a5 h5 49. d5 Rb8 50. Rc6+ 1-0

[Event "XIX Festival A"]
[Site "Arco ITA"]
[Date "2007.10.27"]
[Round "8"]
[White "De Nisi, Roberta"]
[Black "Ben Houidi, Lassaad"]
[Result "1-0"]
[WhiteElo "1845"]
[BlackElo "1599"]
[PlyCount "88"]
[EventDate "2007.10.20"]

1. d4 d6 2. c4 g6 3. e4 Bg7 4. Nc3 c6 5. Be3 e6 6. Rb1 Ne7 7. g3 a6 8. a4 Nd7
9. b4 O-O 10. Bg2 Kh8 11. Nge2 f5 12. O-O Nb6 13. c5 Nc4 14. d5 Nxe3 15. fxe3
dxc5 16. d6 Ng8 17. bxc5 Rb8 18. exf5 Bd7 19. fxg6 Rxf1+ 20. Qxf1 hxg6 21. Rb6
Nh6 22. Qb1 Qg5 23. Nd1 Qxc5 24. Rxb7 Rxb7 25. Qxb7 Qxd6 26. Nf2 Qd2 27. Qxa6
Qxe3 28. Qd3 Qa7 29. Nf4 Ng4 30. Nxg6+ Kg8 31. Ne7+ Kh8 32. Qf3 Qxf2+ 33. Qxf2
Nxf2 34. Kxf2 Bd4+ 35. Ke2 c5 36. Nc6 Bxc6 37. Bxc6 c4 38. Bb5 c3 39. Bd3 Kg7
40. Kf3 e5 41. Ke4 Kf6 42. a5 Bg1 43. h3 Bf2 44. g4 Bd4 1-0

[Event "XIX Festival A"]
[Site "Arco ITA"]
[Date "2007.10.27"]
[Round "8"]
[White "De Santis, Alessio"]
[Black "Trauth, Michael"]
[Result "1-0"]
[WhiteElo "2367"]
[BlackElo "2180"]
[PlyCount "83"]
[EventDate "2007.10.20"]

1. d4 Nf6 2. g3 c5 3. d5 g6 4. Bg2 Bg7 5. e4 d6 6. Ne2 O-O 7. O-O Nbd7 8. a4 b6
9. c4 Rb8 10. Nbc3 a6 11. f4 Qc7 12. h3 Bb7 13. g4 h6 14. Ng3 e6 15. h4 exd5
16. exd5 Rfe8 17. h5 Nf8 18. g5 hxg5 19. h6 Bh8 20. fxg5 N6h7 21. Qf3 Bd4+ 22.
Kh1 Re5 23. Nce2 Qe7 24. Nxd4 cxd4 25. Qd3 Nxg5 26. Qxd4 f5 27. Bf4 Nf7 28. Kg1
Nh7 29. Qxb6 Nf6 30. Bf3 g5 31. Bxe5 Qxe5 32. Qf2 Bc8 33. Rae1 Rxb2 34. Rxe5
Rxf2 35. Re7 Rxf1+ 36. Kxf1 g4 37. h7+ Kxh7 38. Rxf7+ Kg6 39. Rc7 Bd7 40. Bd1
f4 41. Ne4 Bf5 42. Nxd6 1-0

[Event "XIX Festival A"]
[Site "Arco ITA"]
[Date "2007.10.27"]
[Round "8"]
[White "Del Nevo, Claudio"]
[Black "Schaefer, Michael"]
[Result "1/2-1/2"]
[WhiteElo "1889"]
[BlackElo "2247"]
[PlyCount "65"]
[EventDate "2007.10.20"]

1. d4 Nf6 2. Nf3 e6 3. Bg5 c5 4. c3 h6 5. Bxf6 Qxf6 6. e3 b6 7. Bd3 Bb7 8. Nbd2
cxd4 9. exd4 Be7 10. Ne4 Qf4 11. g3 Qc7 12. O-O O-O 13. Qe2 d6 14. Ned2 a6 15.
Be4 Nd7 16. Bxb7 Qxb7 17. Qc4 d5 18. Qe2 b5 19. Ne5 b4 20. Ndf3 bxc3 21. bxc3
Nf6 22. Rab1 Qc7 23. Rb3 a5 24. Rfb1 Rfb8 25. Qb2 Rxb3 26. Qxb3 Rc8 27. Qb7 Bd6
28. Qa6 Bxe5 29. Nxe5 Qxc3 30. Qa7 Rf8 31. Rb7 Qe1+ 32. Kg2 Qe4+ 33. Kg1
1/2-1/2

[Event "XIX Festival A"]
[Site "Arco ITA"]
[Date "2007.10.27"]
[Round "8"]
[White "Fragni, Enrico"]
[Black "Thonig, Manfred"]
[Result "0-1"]
[WhiteElo "1764"]
[BlackElo "1739"]
[PlyCount "324"]
[EventDate "2007.10.20"]

1. d4 f5 2. Nf3 Nf6 3. Nbd2 e6 4. c3 d5 5. Qc2 b6 6. g3 Bd6 7. Bg2 O-O 8. O-O
c6 9. Rd1 Ne4 10. c4 Bb7 11. Ne5 Nd7 12. Ndf3 Nxe5 13. Nxe5 Rc8 14. f3 Nf6 15.
Bg5 Qe8 16. b3 Nd7 17. Bf4 c5 18. Kh1 cxd4 19. Nxd7 Qxd7 20. Rxd4 e5 21. Be3
exd4 22. Bxd4 Qe7 23. Qb2 dxc4 24. bxc4 Ba6 25. Rd1 Rcd8 26. Qb3 Kh8 27. e4
fxe4 28. fxe4 Bb7 29. Re1 Be5 30. Be3 Qc7 31. Bg5 Rde8 32. Qa4 Bc6 33. Qc2 Bd4
34. Qd3 Be5 35. Be3 Bxg3 36. hxg3 Qxg3 37. Qb1 Qh4+ 38. Kg1 Qg3 39. Bd4 Rf4 40.
Qd1 Rh4 41. Re3 Qh2+ 42. Kf2 Rf4+ 43. Rf3 Rxf3+ 44. Qxf3 Qh6 45. Be3 Qd6 46.
Kg1 Rf8 47. Qg4 Bd7 48. Qh5 Be8 49. Qg4 Qd7 50. Qe2 Qf7 51. Bd4 Qg6 52. Qe3 Bc6
53. c5 Bb5 54. Kh2 Qh5+ 55. Qh3 Qxh3+ 56. Kxh3 Bd7+ 57. Kg3 b5 58. e5 a6 59. c6
Bc8 60. Be4 Rd8 61. Bc5 Rd1 62. Kf4 Rc1 63. Bb4 Rc4 64. a3 g6 65. Ke3 Kg7 66.
Bd5 Rc1 67. Kd4 h5 68. Be7 Kh6 69. e6 Re1 70. Bf8+ Kg5 71. e7 Kf6 72. Be4 Kf7
73. Bd5+ Ke8 74. Be4 Rg1 75. Ke3 h4 76. Kf2 Rg5 77. Bh6 Re5 78. Bxg6+ Kxe7 79.
Bf4 Re6 80. Bg5+ Kd6 81. Bf5 Re8 82. Bg6 Rg8 83. Bf4+ Kxc6 84. Be4+ Kc5 85.
Be3+ Kc4 86. Bb1 h3 87. Ba2+ Kc3 88. Bxg8 a5 89. Bc5 b4 90. axb4 axb4 91. Bd6
b3 92. Be5+ Kb4 93. Bb2 Bf5 94. Bd5 Bg4 95. Kg3 Bd7 96. Kf2 Bf5 97. Kg3 Bd7 98.
Bf6 Ka3 99. Be7+ Ka2 100. Bf6 Bc8 101. Be5 Bd7 102. Kf2 Bf5 103. Ke3 Ka3 104.
Bd6+ Ka2 105. Kd2 Kb2 106. Be5+ Ka3 107. Kc1 h2 108. Bb2+ Kb4 109. Be5 Kc5 110.
Bh1 Kc4 111. Bxh2 Kd4 112. Bg2 Bd3 113. Kb2 Kc4 114. Bh3 Be4 115. Bd7 Bc2 116.
Be5 Kc5 117. Bg3 Kd5 118. Kc3 Ke4 119. Bc6+ Ke3 120. Bc7 Bd1 121. Bb6+ Kf4 122.
Bd4 Kf5 123. Bd5 Bc2 124. Kd2 Kf4 125. Ke2 Kf5 126. Ke3 Kg6 127. Kf4 Bd1 128.
Be5 Bc2 129. Be6 Bd1 130. Bd4 Bc2 131. Ke5 Bd1 132. Kf4 Bc2 133. Be5 Bd1 134.
Bf5+ Kf7 135. Kg5 Bc2 136. Bd7 Ke7 137. Bb5 Ke6 138. Kf4 Kd5 139. Bc3 Kc5 140.
Be2 Kd5 141. Ke3 Kc5 142. Ba6 Kb6 143. Be2 Kc5 144. Kf4 Kd5 145. Ke3 Kc5 146.
Bd4+ Kb4 147. Bb2 Ka4 148. Kd4 Kb4 149. Kd5 Bg6 150. Kc6 Be4+ 151. Kb6 Bc2 152.
Bf1 Bf5 153. Be2 Bc2 154. Bf6 Ka3 155. Bc4 b2 156. Be7+ Ka4 157. Bb5+ Kb3 158.
Ka5 b1=Q 159. Ba4+ Kc3 160. Bf6+ Kc4 161. Be7 Qa2 162. Kb6 Qxa4 0-1

[Event "XIX Festival A"]
[Site "Arco ITA"]
[Date "2007.10.27"]
[Round "8"]
[White "Giovannini, Roberto"]
[Black "Coqueraut, Lodewyk"]
[Result "0-1"]
[WhiteElo "2013"]
[BlackElo "1926"]
[PlyCount "74"]
[EventDate "2007.10.20"]

1. d4 d5 2. Bf4 Nf6 3. e3 Bf5 4. c4 e6 5. Qb3 b6 6. Nc3 c6 7. Nf3 Bd6 8. Bxd6
Qxd6 9. cxd5 exd5 10. Rc1 O-O 11. Ne5 Nfd7 12. Nxd7 Bxd7 13. Bd3 Kh8 14. O-O f5
15. f4 Rf6 16. Qc2 Qe7 17. Rf3 Be6 18. Rh3 Nd7 19. Nd1 c5 20. Rh5 Raf8 21. Qf2
Rg6 22. Kh1 Qf6 23. Bb5 c4 24. b3 Nb8 25. b4 a6 26. Ba4 b5 27. Bc2 Nc6 28. Qd2
Nd8 29. a4 Nf7 30. axb5 axb5 31. Ra1 Nd6 32. Nc3 Ne4 33. Bxe4 fxe4 34. Ra6 Qd8
35. Nxb5 Bg4 36. Rxg6 Bxh5 37. Rg5 Qxg5 0-1

[Event "XIX Festival A"]
[Site "Arco ITA"]
[Date "2007.10.27"]
[Round "8"]
[White "Isonzo, David"]
[Black "Moncelli, Giorgio"]
[Result "1-0"]
[WhiteElo "2339"]
[BlackElo "2129"]
[PlyCount "103"]
[EventDate "2007.10.20"]

1. e4 e5 2. Nf3 Nc6 3. Bb5 a6 4. Bxc6 dxc6 5. O-O f6 6. d4 Bg4 7. c3 Bd6 8. Be3
Ne7 9. dxe5 fxe5 10. Nbd2 Ng6 11. h3 Be6 12. Ng5 Bg8 13. Qe2 Qe7 14. Nc4 Bc5
15. Bxc5 Qxc5 16. Ne3 Nf4 17. Qg4 h6 18. Nf3 g6 19. Qh4 Rh7 20. Qf6 Qd6 21. Ng4
Re7 22. Nfxe5 h5 23. Rfd1 Qxf6 24. Nxf6+ Kf8 25. Nd3 Nxd3 26. Rxd3 Bc4 27. Rd4
Be6 28. f4 Kf7 29. Nh7 Kg7 30. Ng5 Bg8 31. Kf2 Rf8 32. Ke3 Rfe8 33. b3 c5 34.
Rd2 Be6 35. Rad1 Bf5 36. Rd8 Rxd8 37. Rxd8 Bd7 38. Nf3 Be6 39. Ne5 a5 40. g4
hxg4 41. hxg4 b6 42. c4 Kf6 43. g5+ Kg7 44. Rd1 Re8 45. Rh1 Re7 46. Rh6 Bf7 47.
Nxf7 Rxf7 48. Rh2 Re7 49. a4 Rd7 50. Rd2 Re7 51. Rd8 Kf7 52. Kf3 1-0

[Event "XIX Festival A"]
[Site "Arco ITA"]
[Date "2007.10.27"]
[Round "8"]
[White "Kern, Beat"]
[Black "Viviani, Mario"]
[Result "0-1"]
[WhiteElo "1694"]
[BlackElo "1800"]
[PlyCount "92"]
[EventDate "2007.10.20"]

1. Nf3 Nf6 2. d4 d6 3. c4 Bf5 4. Nc3 c6 5. e3 Nbd7 6. Be2 Qc7 7. Bd2 e5 8. dxe5
dxe5 9. Nh4 Be6 10. Qc2 Be7 11. Nf5 Bxf5 12. Qxf5 Nc5 13. e4 Ne6 14. Be3 Rd8
15. O-O Nd4 16. Bxd4 exd4 17. e5 g6 18. Qc2 Qxe5 19. Nd1 O-O 20. Bd3 Rfe8 21.
a3 Ng4 22. g3 Qe6 23. b4 Ne5 24. Kg2 Nxd3 25. Qxd3 Bf6 26. Ra2 Qe4+ 27. Qxe4
Rxe4 28. f3 Re6 29. Rd2 a5 30. Rd3 axb4 31. axb4 Ra8 32. Rf2 b6 33. Rc2 Ra4 34.
b5 Rb4 35. bxc6 Rxc6 36. Nb2 b5 37. c5 Be7 38. Rdd2 Bxc5 39. Nd3 Rc4 40. Rxc4
bxc4 41. Nxc5 c3 42. Rxd4 Rxc5 43. Rd1 c2 44. Rc1 Kg7 45. g4 Kf6 46. Kf2 Ke5
0-1

[Event "XIX Festival A"]
[Site "Arco ITA"]
[Date "2007.10.27"]
[Round "8"]
[White "La Manna, Andrea"]
[Black "Bernardi, Ruben"]
[Result "1/2-1/2"]
[WhiteElo "2145"]
[BlackElo "2107"]
[PlyCount "60"]
[EventDate "2007.10.20"]

1. d4 d5 2. c4 c6 3. Nc3 Nf6 4. f3 dxc4 5. e4 b5 6. a4 b4 7. Na2 e5 8. Bxc4 Be7
9. Qb3 O-O 10. Nxb4 exd4 11. Ne2 a5 12. Nd3 Na6 13. Bd2 Rb8 14. Qc2 Nb4 15.
Nxb4 Bxb4 16. Bxb4 Rxb4 17. Nf4 Qe7 18. O-O Nd7 19. Nd3 Rb6 20. Qf2 c5 21. Qg3
Rg6 22. Qc7 Qd8 23. Qxd8 Rxd8 24. Bb5 Rb6 25. Rfc1 g6 26. Nxc5 Ne5 27. Rd1 Nc6
28. Rac1 Nb4 29. Rc4 d3 30. Kf2 Rbd6 1/2-1/2

[Event "XIX Festival A"]
[Site "Arco ITA"]
[Date "2007.10.27"]
[Round "8"]
[White "Linz, Stefan"]
[Black "Trifoni, Giorgio"]
[Result "0-1"]
[WhiteElo "1584"]
[BlackElo "1658"]
[PlyCount "50"]
[EventDate "2007.10.20"]

1. d4 Nf6 2. Bg5 d5 3. e3 Nbd7 4. Nf3 c5 5. c3 Qb6 6. Qc1 e6 7. Nbd2 cxd4 8.
exd4 Bd6 9. Bd3 Qc7 10. g3 O-O 11. O-O a6 12. Re1 Ng4 13. Qd1 e5 14. dxe5 Ngxe5
15. Bc2 b5 16. Nd4 Nc4 17. Rb1 Nde5 18. N2f3 Bg4 19. Kg2 Rfe8 20. h3 Bh5 21. g4
Bg6 22. Bxg6 Nxg6 23. Nf5 Bf4 24. Qxd5 Bxg5 25. Nxg5 Nh4+ 0-1

[Event "XIX Festival A"]
[Site "Arco ITA"]
[Date "2007.10.27"]
[Round "8"]
[White "Ludovici, Roberto"]
[Black "Zenatto, Giuliano"]
[Result "1/2-1/2"]
[WhiteElo "1864"]
[BlackElo "1853"]
[PlyCount "117"]
[EventDate "2007.10.20"]

1. d4 Nf6 2. Nf3 g6 3. c4 Bg7 4. Nc3 d5 5. e3 O-O 6. b3 e6 7. Bb2 Nbd7 8. Bd3
c5 9. O-O b6 10. Rc1 Bb7 11. Qe2 Rc8 12. Nb5 Ra8 13. Rc2 a6 14. Nc3 Qe7 15. Ba3
Rfc8 16. Rfc1 Qd8 17. Bb2 dxc4 18. bxc4 cxd4 19. exd4 Nf8 20. Na4 Bc6 21. Nc3
Bb7 22. Nd1 Rc7 23. Rb1 N8d7 24. Bc1 Nh5 25. Be4 Bxe4 26. Qxe4 Rac8 27. Qe2 b5
28. c5 Nb6 29. g4 Nf6 30. Bf4 Nbd5 31. Bxc7 Qxc7 32. Ne5 Nd7 33. Nxd7 Qxd7 34.
Qe4 Nf6 35. Qf4 Nd5 36. Qd2 Qc7 37. Nc3 Nf4 38. f3 Rd8 39. Rb4 Bh6 40. Kf1 Qc6
41. Qf2 Nd3 42. Qh4 Qxf3+ 43. Rf2 Qxf2+ 44. Qxf2 Nxf2 45. Kxf2 Bg7 46. Ke3 Kf8
47. Ne2 Ke7 48. a4 Rb8 49. Nc3 Kd7 50. axb5 axb5 51. Rxb5 Rxb5 52. Nxb5 Kc6 53.
Nc3 e5 54. d5+ Kxc5 55. Ke4 f6 56. Na4+ Kd6 57. Nb6 Bf8 58. h4 Kc7 59. Nc4
1/2-1/2

[Event "XIX Festival A"]
[Site "Arco ITA"]
[Date "2007.10.27"]
[Round "8"]
[White "Minniti, Giuseppe"]
[Black "Lazzaroni, Fabio"]
[Result "1-0"]
[WhiteElo "1827"]
[BlackElo "1697"]
[PlyCount "75"]
[EventDate "2007.10.20"]

1. d4 f5 2. Nf3 Nf6 3. e3 g6 4. Bd3 Bg7 5. Nbd2 d6 6. O-O O-O 7. c3 Qe8 8. a4
Kh8 9. b4 e5 10. dxe5 dxe5 11. e4 f4 12. Nc4 Nbd7 13. Bb2 b6 14. Qe2 Bb7 15. a5
Qe7 16. a6 Bc8 17. b5 Nh5 18. Ba3 Nc5 19. h3 Bd7 20. Nb2 g5 21. Nh2 Nf6 22. f3
Nh5 23. Qf2 Ng3 24. Rfd1 h5 25. Na4 Qe8 26. Nxc5 bxc5 27. Bxc5 Rf6 28. Bc4 g4
29. Bd5 Rb8 30. c4 gxh3 31. Bxa7 Rxb5 32. cxb5 Bxb5 33. Rd2 c6 34. Bb3 Rg6 35.
Bb6 Nxe4 36. fxe4 Rxg2+ 37. Qxg2 hxg2 38. Rd8 1-0

[Event "XIX Festival A"]
[Site "Arco ITA"]
[Date "2007.10.27"]
[Round "8"]
[White "Niccoli, Paolo"]
[Black "Donatini, Andrea"]
[Result "0-1"]
[WhiteElo "1861"]
[BlackElo "2044"]
[PlyCount "80"]
[EventDate "2007.10.20"]

1. e4 e5 2. Nf3 Nc6 3. Bb5 Nf6 4. O-O Nxe4 5. d4 Nd6 6. Bxc6 dxc6 7. dxe5 Nf5
8. Qxd8+ Kxd8 9. Rd1+ Ke8 10. Nc3 a5 11. b3 Ne7 12. Nd4 Ng6 13. Bb2 Be7 14. Re1
Nf4 15. Rad1 h5 16. Nce2 Nxe2+ 17. Rxe2 Rh6 18. Rde1 a4 19. f4 Bg4 20. Re4 axb3
21. axb3 Ra2 22. Bc3 c5 23. Nb5 Kd8 24. Ra4 Rxc2 25. h3 Be2 26. Ra8+ Kd7 27.
e6+ Rxe6 28. f5 Ra6 29. Rxa6 bxa6 30. Na3 Rxc3 31. Rxe2 Rxb3 32. Nc4 Bf6 33.
Ra2 Rb4 34. Nd2 Rb2 35. Rxb2 Bxb2 36. Kf2 Kc6 37. Ke2 Kd5 38. Kd3 Bd4 39. g4
hxg4 40. hxg4 Ke5 0-1